|
|
|
|
| LEADER |
01638nam a2200313 a 4500 |
| 001 |
GR-MES16197 |
| 008 |
140210s1999 gr g b 000 0 gre d |
| 020 |
|
|
|a 9604059440
|
| 040 |
|
|
|a GrPaTEI
|b gre
|c GR-PaULI
|
| 040 |
|
|
|a GrPaTEI
|b gre
|c GR-PaULI
|
| 082 |
|
0 |
|a 629.83
|2 21
|
| 100 |
1 |
|
|a Frederick, Dean K.
|
| 245 |
1 |
0 |
|a Προβλήματα αυτόματου ελέγχου :
|b χρησιμοποιώντας το MATLAB και το Control System Toolbox /
|c Dean K. Frederick, Joe H. Chow ; Μετάφραση- επιμέλεια: Σπύρος Α. Πακτίτης.
|
| 260 |
|
|
|a [Αθήνα] :
|b Ίων,
|c 1999
|
| 300 |
|
|
|a 238 σ. :
|b πίν., σχεδγρ. +
|e 1δισκέτα
|
| 500 |
|
|
|a Αρχικός τίτλος: Feedback Control Problems, Using MATLAB and the Control System Toolbox
|
| 500 |
|
|
|a Σύστημα "ΕΥΔΟΞΟΣ": αρ. εισ. 26281
|
| 504 |
|
|
|a Περιλαμβάνει βιβλιοφραφία.
|
| 610 |
|
4 |
|a Σύστημα ΕΥΔΟΞΟΣ
|
| 650 |
|
0 |
|a Control system toolbox (Αρχείο ηλεκτρονικούυπολογιστή)
|
| 650 |
|
4 |
|a Ανατροφοδοτικά συστήματα ελέγχου
|
| 650 |
|
4 |
|a Ηλεκτρονικοί υπολογιστές
|x Προγράμματα (MATLAB)
|
| 700 |
1 |
|
|a Chow, Joe H.
|
| 700 |
1 |
|
|a Πακτίτης, Σπύρος Α.
|
| 710 |
0 |
|
|a Ιων
|
| 942 |
|
|
|2 ddc
|
| 952 |
|
|
|0 0
|1 0
|2 ddc
|4 0
|6 629_830000000000000_FRE
|7 0
|9 274171
|a MSLG
|b MSLG
|c EUD
|d 2021-01-17
|e 24
|f 0
|g 0.00
|l 0
|o 629.83 FRE
|p 2420000026281
|r 2021-01-17 00:00:00
|t 1
|w 2021-01-17
|y BK15
|x 20140210 0 ΧΑΣΑΝΗ 1
|x GrPaTEI
|
| 971 |
|
|
|a .b25822469
|b 16-04-20
|c 13-09-16
|
| 999 |
|
|
|c 158627
|d 158627
|